00460nam a2200157Ia 4500001000500000005001700005008004100022041000800063082001700071100003300088245012800121260000900249300002800258650000800286654000800294222020260306143826.0260306t2005||||xx |||||||||||||| ||spa|| aESP a616.087bR44 aRestrepo Uribe, GustavoeAUT 0aMales de poderosos y famosos:blas extrañas dolencias de Alejandro Magno, Catalina La Grande, Napoleón, Marat, Bethoven c2005 a201 páginas :c22 cm. aGEN aCPS